Kambodscha-Quiz - Statistiken

Allgemein
  • Dieses Quiz wurde 1.827 mal gespielt
  • Das Durchschnittsergebnis liegt bei 12 aus 20
Antwortstatistiken
Frage Antwort % Korrekt
Nachbarländer Vietnam
99%
Nachbarländer Laos
97%
Nachbarländer Thailand
97%
97% der Bevölkerung üben diese Religion aus Buddhismus
81%
Hauptstadt von Kambodscha Phnom Penh
79%
Truppen aus diesem Land marschierten 1970 in Kambodscha ein USA
76%
Regenperiode von Mai bis Oktober Monsun
72%
Land, das Kambodscha 1867-1953 kontrollierte Frankreich
71%
Tempel, der auf der Flagge abgebildet ist Angkor Wat
65%
Diese Sprache hat davon 74 - mehr als alle anderen Sprachen Buchstaben
63%
Bodenwaffen, durch denen seit 1970 ca. 60,000 Menschen ums Leben kamen Landminen
62%
Wichtiger Fluss, der durch die Hauptstadt geht Mekong
61%
Halbinsel, auf welcher Kambodscha sitzt Indochina
59%
Amtssprache Kambodschas (auch als Kambodschanisch bekannt - hier wird der häufigste Begriff gesucht) Khmer
54%
Dieser Diktator versuchte diesen ausländischen Politikern "Großen Sprung nach vorn" nachzuahmen Mao Zedong
50%
Brutaler Diktator, der in den späten 1970er 20% der Gesamtbevölkerung Kambodschas tötete Pol Pot
44%
Dieser Tempelkomplex liegt in der nähe dieser Großstadt mit Initialen SR Siem Reap
21%
Anderer Name für Kambodscha (Anfangsbuchstabe K) Kampuchea
18%
Südliche Küstenstadt, nach einem ehemaligen König benannt {Sihanouk}ville
15%
Größter See, dessen Volumen sich während der Regenzeit vervierfachen kann Tonle Sap
13%
Keine übereinstimmenden Quizze gefunden
Verteilung der Resultate
Anzahl Personen mit jedem Resultat
Perzentil nach korrekt beantworteten Fragen
Ihre Resultats-Entwicklung
Sie haben dieses Quiz noch nicht gespielt